Differential Equations & Vector Calculus/ (Record no. 186244)

MARC details
000 -LEADER
fixed length control field 00708nam a22002177a 4500
005 - DATE AND TIME OF LATEST TRANSACTION
control field 20220222130434.0
010 ## - LCCN (DPL NO)
LC control number ENG-131680
020 ## - INTERNATIONAL STANDARD BOOK NUMBER
International Standard Book Number 9788194368502
Terms of availability 298.00
035 ## - SYSTEM CONTROL NUMBER
System control number EN-115212
037 ## - SOURCE OF ACQUISITION
Source of stock number/acquisition DBAD
082 ## - DEWEY DECIMAL CLASSIFICATION NUMBER
Classification number 515
100 ## - MAIN ENTRY--PERSONAL NAME
Personal name Reddy, M. Suryanarayana
245 ## - TITLE STATEMENT
Title Differential Equations & Vector Calculus/
Statement of responsibility, etc M. Suryanarayana Reddy et.al.
260 ## - PUBLICATION, DISTRIBUTION, ETC. (IMPRINT)
Place of publication, distribution, etc Hyderabad
Name of publisher, distributor, etc Amaravati Publications
Date of publication, distribution, etc 2020
270 ## - ADDRESS
Address # 326/C, Level 3, Surneni Nilayam Near B K Guda Park, S R Nagar
City Hyderabad
Postal code 500038
300 ## - PHYSICAL DESCRIPTION
Extent viii, 344p.
Dimensions 24cm(pbk)
700 ## - ADDED ENTRY--PERSONAL NAME
Personal name Kumar, P. Maninaga
700 ## - ADDED ENTRY--PERSONAL NAME
Personal name Raju, K. Venkateswara
700 ## - ADDED ENTRY--PERSONAL NAME
Personal name Reddy, P. Ramakrishna
942 ## - ADDED ENTRY ELEMENTS (KOHA)
Source of classification or shelving scheme Dewey Decimal Classification
Item type English Books
Classification part 515
Call number suffix RED
Holdings
Withdrawn status Lost status Not for loan Collection code Home library Current library Date acquired Source of acquisition Cost, normal purchase price Full call number Barcode Copy number Cost, replacement price Koha item type
      Non-fiction Central Library Central Library 18/02/2022 DBAD/PUB 298.00 515 RED EN-115212 1 298.00 English Books

© Delhi Public Library
Hit Counter
free hit counter